书目信息 |
| 题名: |
商品学
|
|
| 作者: | 刘北林 , 白世贞 主编 | |
| 分册: | ||
| 出版信息: | 北京 中国物资出版社 2001 |
|
| 页数: | 263页 | |
| 开本: | 20cm | |
| 丛书名: | ||
| 单 册: | ||
| 中图分类: | F76 | |
| 科图分类: | ||
| 主题词: | 商品学 | |
| 电子资源: | ||
| ISBN: | 7-5047-1776-2 | |
| 000 | 00578nam0 2200205 450 | |
| 001 | 0633651827 | |
| 005 | 20061016092157.95 | |
| 010 | @a7-5047-1776-2@dCNY18.80 | |
| 100 | @a20061016d2001 km y0chiy0120 ea | |
| 101 | 0 | @achi |
| 102 | @aCN@b110000 | |
| 200 | 1 | @a商品学@Ashang pin xue@f刘北林,白世贞主编@Fliu bei lin,bai shi zhen zhu bian |
| 210 | @a北京@c中国物资出版社@d2001 | |
| 215 | @a263页@d20cm | |
| 606 | 0 | @a商品学 |
| 690 | @aF76@v3 | |
| 701 | 0 | @a刘北林@Aliu bei lin@4主编 |
| 701 | 0 | @a白世贞@Abai shi zhen@4主编 |
| 801 | 0 | @aCN@bPFT@c20061016 |
| 905 | @a10447@dF76@e22 | |
| 商品学/刘北林,白世贞主编.-北京:中国物资出版社,2001 |
| 263页;20cm |
| ISBN 7-5047-1776-2:CNY18.80 |
| ● |
| 相关链接 |
|
|
|
|
正题名:商品学
索取号:F76/22
 
预约/预借
| 序号 | 登录号 | 条形码 | 馆藏地/架位号 | 状态 | 备注 |
| 1 | 0501947 | 205019479 | 密集书库/ [索取号:F76/22] | 在馆 |